| 000 | 00796nam a22002297a 4500 | ||
|---|---|---|---|
| 003 | DO-SdBNP | ||
| 005 | 20210921085600.0 | ||
| 007 | ta | ||
| 008 | 210920e2018 dr ac||er|||| 001 0dspa d | ||
| 020 | _a9789945911084 | ||
| 040 |
_aDO-SdBNP _bspa _cBNPHU |
||
| 082 | 4 |
_bJ585o _222 |
|
| 100 | 1 |
_aJesús De León, Elvis, de, _979957 |
|
| 245 | 1 | 0 |
_aOrientalismos en las escrituras I: _b(parte I) costumbres y enseñanzas orientales en las sagradas escrituras / _cElvis de Jesús y Ángel Duarte |
| 260 |
_aSanto Domingo : _bPublicaciones Libertad, _c2018 |
||
| 300 |
_a98 p.: _bil, retr.; _c21 cm |
||
| 500 | _aIncluye biografía de los autores en la solapa posterior. | ||
| 504 | _aBibliografía, p.98 | ||
| 590 | _ainventariado 2021 / MF | ||
| 700 | 1 | 2 |
_aDuarte, Ángel _973540 |
| 942 |
_2ddc _cLBS1 |
||
| 999 |
_c50579 _d50579 |
||